Biostatistics : (Record no. 108815)
[ view plain ]
| 000 -LEADER | |
|---|---|
| fixed length control field | 00715pam a2200217 a 4500 |
| 001 - CONTROL NUMBER | |
| control field | 4978991 |
| 005 - DATE AND TIME OF LATEST TRANSACTION | |
| control field | 20181119113449.0 |
| 008 - FIXED-LENGTH DATA ELEMENTS--GENERAL INFORMATION | |
| fixed length control field | 980223s1999 nyua b 001 0 eng |
| 020 ## - INTERNATIONAL STANDARD BOOK NUMBER | |
| International Standard Book Number | 0471163864 (hardcover : alk. paper) |
| 040 ## - CATALOGING SOURCE | |
| Transcribing agency | PK-LaUMT |
| 082 00 - DEWEY DECIMAL CLASSIFICATION NUMBER | |
| Classification number | 519.502457 |
| Edition number | 21 |
| Item number | DAN-B |
| 100 1# - MAIN ENTRY--PERSONAL NAME | |
| Personal name | Daniel, Wayne W. |
| 245 10 - TITLE STATEMENT | |
| Title | Biostatistics : |
| Remainder of title | a foundation for analysis in the health sciences / |
| Statement of responsibility, etc | Wayne W. Daniel |
| 250 ## - EDITION STATEMENT | |
| Edition statement | 7th ed. |
| 260 ## - PUBLICATION, DISTRIBUTION, ETC. (IMPRINT) | |
| Place of publication, distribution, etc | New York : |
| Name of publisher, distributor, etc | John Wiley, |
| Date of publication, distribution, etc | 1999 |
| 300 ## - PHYSICAL DESCRIPTION | |
| Extent | xiv, 755, [152] p. : |
| Other physical details | ill. ; |
| Dimensions | 25 cm. |
| 490 1# - SERIES STATEMENT | |
| Series statement | Wiley series in probability and statistics. Applied probability and statistics section |
| 650 #0 - SUBJECT ADDED ENTRY--TOPICAL TERM | |
| Topical term or geographic name as entry element | Medical statistics. |
| 650 #0 - SUBJECT ADDED ENTRY--TOPICAL TERM | |
| Topical term or geographic name as entry element | Biometry. |
| 942 ## - ADDED ENTRY ELEMENTS (KOHA) | |
| Koha item type | Books |
| Withdrawn status | Lost status | Damaged status | Home library | Current library | Date acquired | Full call number | Barcode | Date last seen | Price effective from | Koha item type |
|---|---|---|---|---|---|---|---|---|---|---|
| UMT Main Campus | UMT Main Campus | 2018-11-09 | 519.502457 | 125199 | 2021-07-12 | 2018-11-09 | Books |
